| 000 | 00473nam a22001817a 4500 | ||
|---|---|---|---|
| 003 | PILC | ||
| 005 | 20160113140259.0 | ||
| 008 | 130914t xxu||||| |||| 00| 0 eng d | ||
| 050 |
_aPZ 7 _b.T511 1985 |
||
| 082 |
_aFIC _bT39re 1985 |
||
| 100 |
_aThorne, Ramsay _919899 |
||
| 245 |
_aShootout in segovia _cRamsay Thorne. |
||
| 260 |
_aNew York : _bWarner Books Inc, _c1985. |
||
| 300 |
_a154 p. : _c17 cm. |
||
| 650 |
_aFiction. _9746 |
||
| 942 |
_2lcc _cBK |
||
| 999 |
_c11353 _d11353 |
||